| 000 | 00912cab a2200265 4500 | ||
|---|---|---|---|
| 001 | ABS53386 | ||
| 008 | 090401t1995 xxu||||| |||| 00| 0 eng d | ||
| 035 | _a(Sirsi) u3866 | ||
| 041 | _aeng | ||
| 100 | _aMcIntosh, A. | ||
| 245 | _aProperty returns are on a gilt trip | ||
| 260 | _c1995 | ||
| 350 | _a0 | ||
| 490 |
_aProperty Week _v52(9) 31 August 1995, 16-17(2) |
||
| 520 | _aAn analysis of property investment performance over the last 10 years. Uses the Richard Ellis Monthly Indices to prove there is a strong relationship between property values and gilt yields. | ||
| 650 | _aESTIMATED RENTAL VALUES | ||
| 650 | _aGILT YIELDS | ||
| 650 | _aINVESTMENT PERFORMANCE | ||
| 650 | _aPROPERTY INDEXES | ||
| 650 | _aRICHARD ELLIS MONTHLY INDICES | ||
| 690 | _aPROPERTY-COMMERCIAL PROPERTY-COMMERCIAL PROPERTY FINANCE AND INVESTMENT | ||
| 700 | _aWebber, P. | ||
| 942 | _n0 | ||
| 948 | _c04/03/1997 | ||
| 999 |
_c2337 _d2337 |
||